Structuring a breakdown (Record no. 71950)
[ view plain ]
| 000 -LEADER | |
|---|---|
| fixed length control field | 01084cam a2200205 4500 |
| 001 - CONTROL NUMBER | |
| control field | ABS66381 |
| 008 - FIXED-LENGTH DATA ELEMENTS--GENERAL INFORMATION | |
| fixed length control field | 030121n2003 000 0 eng u |
| 035 ## - SYSTEM CONTROL NUMBER | |
| System control number | (Sirsi) u121089 |
| 100 ## - MAIN ENTRY--PERSONAL NAME | |
| Personal name | Hillson, D. |
| 245 ## - TITLE STATEMENT | |
| Title | Structuring a breakdown |
| 260 ## - PUBLICATION, DISTRIBUTION, ETC. | |
| Date of publication, distribution, etc. | 2003 |
| 490 ## - SERIES STATEMENT | |
| Series statement | Project |
| Volume/sequential designation | 15(7) December 2002/January 2003, 12-14(3) |
| 520 ## - SUMMARY, ETC. | |
| Summary, etc. | Recommends structuring work within risk management, in much the same way it can be in project management. Outlines the use of Risk Breakdown Structures (RBS), mirroring the Work Breakdown Structures which can be used. Highlights the main uses and benefits of the use of RBS as a risk identification aid, risk assessment, comparison of alternatives, risk reporting and lessons learned for future projects. Sums up that RBS has the potential to become a most valuable tool in helping the project manager to understand and manage risks in a project. Charts. |
| 590 ## - LOCAL NOTE (RLIN) | |
| Local note | ABS |
| 650 ## - SUBJECT ADDED ENTRY--TOPICAL TERM | |
| Topical term or geographic name entry element | RISK MANAGEMENT |
| 650 ## - SUBJECT ADDED ENTRY--TOPICAL TERM | |
| Topical term or geographic name entry element | RISK BREAKDOWN STRUCTURES |
| 650 ## - SUBJECT ADDED ENTRY--TOPICAL TERM | |
| Topical term or geographic name entry element | WORK BREAKDOWN STRUCTURES |
| 690 ## - LOCAL SUBJECT ADDED ENTRY--TOPICAL TERM (OCLC, RLIN) | |
| Topical term or geographic name as entry element | Project management |
| 9 (RLIN) | 6261 |
| 942 ## - ADDED ENTRY ELEMENTS (KOHA) | |
| Suppress in OPAC | 0 |
| Withdrawn status | Lost status | Source of classification or shelving scheme | Damaged status | Not for loan | Home library | Current library | Shelving location | Date acquired | Total Checkouts | Full call number | Barcode | Date last seen | Copy number | Price effective from | Koha item type |
|---|---|---|---|---|---|---|---|---|---|---|---|---|---|---|---|
| Dewey Decimal Classification | London | London | Journal article | 21/01/2003 | ABS66381 | 121089-1001 | 06/08/2019 | 1 | 06/08/2019 | Journal article |